00734nam a2200181 a 4500003000200000005001700002008004100019050003300060100003200093245012300125260009000248300004000338504004100378650003800419650002500457650003200482650003800514020250225122005.0101013s19uu xx 00 eng d aPHS BF 698.35.P37b.H43 2010 aHermanos, Carlos Raphael M. aThe relationship between parental motivation and self-esteem of high school IV students /cCarlos Raphael M. Hermanos. aLas Piñas City, Philippines :bSouthville International School and Colleges,c2010. a21 pages :billustrations ;c30 cm. aIncludes bibliographical references. aParentingxPsychological aspects. aParental motivation. aSelf-esteem in adolescence. aParent and childxSocial aspects.